The biology of pneumococcus ; the bacteriological, biochemical, and immunological characters and activities of Diplococcus pneumoniae /

Bibliographic Details
Main Author: White, Benjamin, 1879-
Other Authors: Robinson, Elliott Stirling, 1894-, Barnes, Laverne Almon, 1901-
Format: Book
Language:English
Published: New York : London : The Commonwealth fund ; H. Milford, Oxford university press, 1938.
Subjects:

MARC

Tag First Indicator Second Indicator Subfields
LEADER 00000cam a2200000 4500
001 in00000052645
005 20151007072157.0
008 800513s1938 nyuacf b 00110 engm
010 |a  38006173  
035 |a (OCoLC)06314276 
035 |9 AAE7378AM 
040 |a DLC  |c ZRS  |d ZRS  |d TXA  |d UtOrBLW 
049 |a TXAM  |c [140345] 
050 0 |a QR201.P7  |b W5 
082 0 |a 589.95 
092 |a 589.95  |b W582b 
100 1 |a White, Benjamin,  |d 1879- 
245 1 4 |a The biology of pneumococcus ;  |b the bacteriological, biochemical, and immunological characters and activities of Diplococcus pneumoniae /  |c [by] Benjamin White, Ph. D., with the collaboration of Elliott Stirling Robinson and Laverne Almon Barnes. 
264 1 |a New York :  |b The Commonwealth fund ;  |a London :  |b H. Milford, Oxford university press,  |c 1938. 
300 |a xvii pages, 1 ., 799 pages :  |b plates, portraits, diagrams ;  |c 24 cm. 
336 |a text  |b txt  |2 rdacontent 
337 |a unmediated  |b n  |2 rdamedia 
338 |a volume  |b nc  |2 rdacarrier 
500 |a "The present review of the literature on the biology of pneumococcus forms a part of the pneumonia study and service carried on during the years 1931 to 1935 by the Massachusetts department of public health under a grant from the Commonwealth fund."--Foreword. 
504 |a Bibliography: pages [665]-769. 
650 0 |a Streptococcus pneumoniae. 
650 0 |a Streptococcus pneumoniae  |x Bibliography. 
650 0 |a Immunity. 
650 0 |a Immunity  |x Bibliography. 
700 1 |a Robinson, Elliott Stirling,  |d 1894- 
700 1 |a Barnes, Laverne Almon,  |d 1901- 
999 |a MARS 
999 f f |s f1ccfa7a-e144-3ec5-8e1b-a690e4a915fa  |i 75d80705-e046-3bc2-a8c6-880c797d0e8a  |t 0 
952 f f |p ric  |a Texas A&M University  |b Rellis Campus  |c Joint Library Facility  |d Remote Storage  |t 0  |e QR201.P7 W5  |h Library of Congress classification  |i unmediated -- volume  |m A14801002688 
998 f f |a QR201.P7 W5  |t 0  |l Remote Storage